Formula 1: Drivers with the Highest Pole Percentage - Statistics

General Stats
  • This quiz has been taken 618 times
    235 since last reset
  • The average score is 16 of 20
Answer Stats
Pole % Driver Active years Country % Correct
27.4 Lewis Hamilton 2007- United Kingdom
100%
15.6 Charles Leclerc 2018- Monaco
97%
20.6 Max Verstappen 2015- Netherlands
97%
22.1 Michael Schumacher 1991-2006, 2010-2012 Germany
97%
19.0 Sebastian Vettel 2007-2022 Germany
96%
40.4 Ayrton Senna 1984-1994 Brazil
95%
56.9 Juan Manuel Fangio 1950-1951, 1953-1958 Argentina
95%
16.4 Alain Prost 1980-1991, 1993 France
93%
14.6 Nico Rosberg 2006-2016 Germany
93%
16.1 Mika Häkkinen 1991-2001 Finland
90%
17.2 Damon Hill 1992-1999 United Kingdom
86%
43.8 Alberto Ascari 1950-1955 Italy
82%
17.1 Nigel Mansell 1980-1992,1994-1995 United Kingdom
82%
17.0 Jackie Stewart 1965-1973 United Kingdom
81%
45.8 Jim Clark 1960-1968 United Kingdom
81%
14.7 Giuseppe Farina 1950-1955 Italy
76%
16.7 Jochen Rindt 1964-1970 Austria
68%
24.2 Stirling Moss 1951-1961 United Kingdom
64%
15.2 James Hunt 1973-1979 United Kingdom
59%
16.7 Mike Parkes 1959, 1966-1967 United Kingdom
6%
No matching quizzes found
Score Distribution
Percent of People with Each Score
Percentile by Number Answered
Your Score History
You have not taken this quiz since the last reset